[Event "Online Olym Div2 D 2020"]
[Site "chess.com INT"]
[Date "2020.08.16"]
[Round "9.3"]
[Board "1"]
[White "Cu Hor, Winston Darwin"]
[Black "Grandelius, Nils"]
[Result "0-1"]
[WhiteTitle "FM"]
[BlackTitle "GM"]
[WhiteElo "2333"]
[BlackElo "2662"]
[WhiteTeam "Guatemala"]
[BlackTeam "Sweden"]
[WhiteFideId "7300662"]
[BlackFideId "1710400"]
[EventDate "2020.08.14"]
[EventType "team"]

1. Nf3 d5 2. c4 d4 3. e3 Nc6 4. exd4 Nxd4 5. Nxd4 Qxd4 6. Nc3 c6 7. d3 Nh6 8.
Be3 Qd8 9. Bxh6 gxh6 10. Qh5 Rg8 11. Be2 Rxg2 12. O-O-O Qd4 13. Rhg1 Rxf2 14.
Rg8 Qf4+ 15. Kb1 Bf5 16. h3 O-O-O 17. Ka1 Bg6 18. Qc5 Kb8 19. a4 Qh2 20. Re1 Rf5
21. Qb4 Qd6 22. Qb3 Re5 23. d4 Re3 24. Rd1 e6 25. d5 exd5 26. cxd5 c5 27. Qc4 a6
28. a5 Be7 29. Rxd8+ Bxd8 30. Na4 Re4 31. Qb3 Rb4 32. Qa3 Bc2 33. Nxc5 Qxc5 34.
Rc1 Be7 35. d6 Bxd6 36. Bd3 Ra4 37. Qxa4 Bxa4 38. Rxc5 Bxc5 39. Bxh7 Bb4 0-1

[Event "Online Olym Div2 D 2020"]
[Site "chess.com INT"]
[Date "2020.08.16"]
[Round "9.3"]
[Board "2"]
[White "Carlsson, Pontus"]
[Black "Lorenzana, Wilson Estuardo"]
[Result "1/2-1/2"]
[WhiteTitle "GM"]
[BlackTitle "IM"]
[WhiteElo "2473"]
[BlackElo "2220"]
[WhiteTeam "Sweden"]
[BlackTeam "Guatemala"]
[WhiteFideId "1705814"]
[BlackFideId "7300239"]
[EventDate "2020.08.14"]
[EventType "team"]

1. e4 c5 2. Nf3 e6 3. c3 d5 4. exd5 Qxd5 5. d4 cxd4 6. cxd4 b6 7. Nc3 Bb4 8.
Qa4+ Nc6 9. Ne5 Ne7 10. Bb5 Qe4+ 11. Be3 Bxc3+ 12. bxc3 Bb7 13. O-O O-O 14. Bd3
Qh4 15. Nf3 Qh5 16. Rfe1 Rac8 17. Rac1 Na5 18. Ne5 Nd5 19. Bd2 f6 20. Nf3 Qe8
21. Qxe8 Rfxe8 22. c4 Nc7 23. Bxa5 bxa5 24. Be2 Red8 25. Red1 Na6 26. Rd2 Rc7
27. a3 Bxf3 28. Bxf3 Nc5 29. Rb1 a4 30. d5 Nb3 31. Rdb2 Rxc4 32. dxe6 Kf8 33. g3
Ke7 34. Re1 Rd6 35. Kg2 Rxe6 36. Rbe2 Rxe2 37. Rxe2+ Kd6 38. Re8 Rc7 39. Re4 Nc5
40. Rd4+ Ke7 41. h4 g6 42. h5 f5 43. hxg6 hxg6 44. g4 Ke6 45. gxf5+ gxf5 46. Kg3
Kf6 47. Rd6+ Ke5 48. Rd5+ Kf6 49. Rd6+ Ke5 50. Rd5+ Kf6 51. Rd6+ 1/2-1/2

[Event "Online Olym Div2 D 2020"]
[Site "chess.com INT"]
[Date "2020.08.16"]
[Round "9.3"]
[Board "3"]
[White "Mencos, Claudia"]
[Black "Frisk, Ellinor"]
[Result "1/2-1/2"]
[WhiteTitle "WIM"]
[BlackTitle "WIM"]
[WhiteElo "1977"]
[BlackElo "2176"]
[WhiteTeam "Guatemala"]
[BlackTeam "Sweden"]
[WhiteFideId "7300573"]
[BlackFideId "1708481"]
[EventDate "2020.08.14"]
[EventType "team"]

1. e4 c5 2. Nf3 g6 3. d4 cxd4 4. Nxd4 Nc6 5. Nc3 Bg7 6. Nb3 Nf6 7. Be2 O-O 8.
O-O d6 9. Re1 Bd7 10. Bf1 Rc8 11. Bg5 Ne5 12. Nd5 Nxd5 13. exd5 h6 14. Bc1 Bg4
15. f3 Bd7 16. c3 Re8 17. Kh1 Nc4 18. Bxc4 Rxc4 19. Be3 a6 20. Qd2 Kh7 21. Qf2
b5 22. Rad1 Qb8 23. Bd4 e5 24. dxe6 fxe6 25. Bxg7 Kxg7 26. Nd2 Rcc8 27. Ne4 Rc6
28. Qh4 g5 29. Nxg5 hxg5 30. Qxg5+ Kf7 31. Qh5+ Kg7 32. Qg5+ Kf7 33. Qh5+ Ke7
34. Qg5+ Kf7 1/2-1/2

[Event "Online Olym Div2 D 2020"]
[Site "chess.com INT"]
[Date "2020.08.16"]
[Round "9.3"]
[Board "4"]
[White "Andric, Jelena"]
[Black "Mazariegos, Silvia Carolina"]
[Result "1-0"]
[WhiteTitle "WFM"]
[BlackTitle "WIM"]
[WhiteElo "2056"]
[BlackElo "1933"]
[WhiteTeam "Sweden"]
[BlackTeam "Guatemala"]
[WhiteFideId "919853"]
[BlackFideId "7300115"]
[EventDate "2020.08.14"]
[EventType "team"]

1. c4 e5 2. Nc3 Nf6 3. g3 c6 4. Bg2 Be7 5. d4 d6 6. dxe5 dxe5 7. Qxd8+ Bxd8 8.
Nf3 Bc7 9. O-O Be6 10. b3 h6 11. Ba3 Nbd7 12. Rad1 O-O-O 13. Rd2 Nf8 14. Rxd8+
Kxd8 15. Rd1+ Kc8 16. Na4 N6d7 17. Nd2 f5 18. e4 g6 19. Bb2 Rg8 20. exf5 gxf5
21. Re1 h5 22. Nf3 Ng6 23. Ng5 Re8 24. Nxe6 Rxe6 25. Bh3 Ne7 26. Nc3 Rg6 27. Rd1
Rd6 28. Ba3 Rxd1+ 29. Nxd1 c5 30. Ne3 f4 31. Nf5 Nxf5 32. Bxf5 fxg3 33. hxg3 b6
34. Kg2 Kd8 35. Kh3 Ke7 36. Bxd7 Kxd7 37. Kh4 e4 38. Bc1 Ke6 39. Kxh5 Be5 40. g4
Bd4 41. Be3 Ke5 42. g5 Kf5 43. Kh6 a6 44. g6 b5 45. g7 1-0

[Event "Online Olym Div2 D 2020"]
[Site "chess.com INT"]
[Date "2020.08.16"]
[Round "9.3"]
[Board "5"]
[White "Garcia Y., Brayan Alexis"]
[Black "Seo, Jung Min"]
[Result "0-1"]
[BlackTitle "FM"]
[WhiteElo "1847"]
[BlackElo "2455"]
[WhiteTeam "Guatemala"]
[BlackTeam "Sweden"]
[WhiteFideId "7303041"]
[BlackFideId "1734687"]
[EventDate "2020.08.14"]
[EventType "team"]

1. d4 Nf6 2. c4 e6 3. Nc3 Bb4 4. e3 d5 5. Nf3 O-O 6. Bd3 dxc4 7. Bxc4 c5 8. O-O
Nc6 9. Ne2 Qe7 10. a3 Ba5 11. Bd2 Bb6 12. Rc1 Rd8 13. Bc3 Ne4 14. Ba2 Nxc3 15.
bxc3 cxd4 16. cxd4 Qxa3 17. Bb1 Qe7 18. Qc2 g6 19. Qe4 Bd7 20. Qf4 Rac8 21. Ng3
Bc7 22. Qh6 Qf8 23. Qh4 Bd6 24. Ng5 Qg7 25. N5e4 Be7 26. Qf4 e5 27. dxe5 Qxe5
28. Qf3 Nb4 29. Rcd1 Bb5 30. Rfe1 Nd3 31. Re2 Nc5 32. Red2 Rxd2 33. Rxd2 Bc6 34.
Qg4 Re8 35. Nxc5 Bxc5 36. h4 h5 37. Qc4 Kg7 38. Ba2 Re7 39. Rc2 Bxe3 40. fxe3
Qxg3 41. Qd4+ Qe5 42. Qxa7 Qxe3+ 43. Qxe3 Rxe3 44. Kf2 Re4 45. g3 Ra4 46. Bb3
Ra3 47. Rb2 Ra1 48. Ke3 Rg1 49. Kf4 Rf1+ 50. Ke5 Rf3 51. Kd6 Rxg3 52. Ba2 Rd3+
53. Ke5 Re3+ 54. Kd6 Rh3 55. Rb4 Rh2 56. Bb3 Rb2 57. Kc5 Bd7 58. Rxb7 Be6 59.
Bd5 Rc2+ 0-1

[Event "Online Olym Div2 D 2020"]
[Site "chess.com INT"]
[Date "2020.08.16"]
[Round "9.3"]
[Board "6"]
[White "Zaritovskaja, Margarita"]
[Black "Santiago Sontay, Jenny Fernanda"]
[Result "1/2-1/2"]
[WhiteElo "2040"]
[BlackElo "1708"]
[WhiteTeam "Sweden"]
[BlackTeam "Guatemala"]
[WhiteFideId "14149249"]
[BlackFideId "7303084"]
[EventDate "2020.08.14"]
[EventType "team"]

1. e4 e6 2. d4 d5 3. Nd2 c5 4. exd5 exd5 5. Bb5+ Nc6 6. Ngf3 Nf6 7. O-O Be7 8.
dxc5 Bxc5 9. Re1+ Be6 10. Nb3 Bb6 11. Nfd4 Qc8 12. Nxe6 fxe6 13. Nd4 O-O 14. Be3
e5 15. Nxc6 bxc6 16. Ba4 Ne4 17. f3 Nd6 18. Bxb6 axb6 19. Bb3 Re8 20. Rc1 b5 21.
c3 Nc4 22. Rc2 Qa6 23. Rce2 Qa7+ 24. Kh1 Qc7 25. Qc1 Re7 26. Qg5 Rae8 27. Bc2 g6
28. b3 Nb6 29. Re3 Kg7 30. h4 Qd6 31. h5 Qf6 32. h6+ Kf7 33. Qg4 Nd7 34. a4 bxa4
35. bxa4 Nc5 36. Qb4 Qd6 37. a5 Rb8 38. Qh4 Rb5 39. Ra1 Ra7 40. Qg5 Nd7 41. a6
Rb6 42. Bd3 Qf6 43. Qg4 Nc5 44. Bf1 Qf4 45. Qxf4+ exf4 46. Re2 Rbxa6 47. Rxa6
Rxa6 48. Rb2 Ra1 49. Kg1 Nd7 50. Rb7 Ke6 51. Kf2 Rc1 52. Rb3 Rc2+ 53. Ke1 c5 54.
Kd1 Ra2 55. Rb7 Ra1+ 56. Ke2 Kd6 57. Kf2 c4 58. Rb2 Ra3 59. Rc2 Nc5 60. g3 fxg3+
61. Kxg3 Ne6 62. Bh3 Ng5 63. Bg4 Nf7 64. Kf4 Nxh6 65. Kg5 Nxg4 66. fxg4 Ra7 67.
Kh6 Ke5 68. Re2+ Kf4 69. g5 Ra3 70. Rc2 Kf5 71. Rf2+ Kg4 72. Rg2+ Kf3 73. Rc2
Ra7 74. Rd2 Ke4 75. Rd4+ Ke5 76. Rd2 Rd7 77. Re2+ Kf5 78. Rf2+ Kg4 79. Rg2+ Kf3
80. Rd2 Ke3 81. Rd4 Kf3 82. Rd2 Kf4 83. Rd4+ Kf5 84. Rd2 Ke5 85. Re2+ Kd6 86.
Rd2 Rf7 87. Re2 Rf5 88. Rg2 Rf7 89. Re2 Kc5 1/2-1/2

[Event "Online Olym Div2 D 2020"]
[Site "chess.com INT"]
[Date "2020.08.16"]
[Round "9.4"]
[Board "1"]
[White "Delaney, Killian"]
[Black "Vasquez Schroeder, Rodrigo"]
[Result "0-1"]
[WhiteTitle "FM"]
[BlackTitle "GM"]
[WhiteElo "2314"]
[BlackElo "2441"]
[WhiteTeam "Ireland"]
[BlackTeam "Chile"]
[WhiteFideId "2501570"]
[BlackFideId "3400042"]
[EventDate "2020.08.14"]
[EventType "team"]

1. e4 e6 2. d4 d5 3. Nd2 Nf6 4. e5 Nfd7 5. c3 c5 6. Bd3 Nc6 7. Ne2 cxd4 8. cxd4
Nb6 9. O-O Bd7 10. Nf3 Nb4 11. Bb1 Ba4 12. b3 Bb5 13. a3 Nc6 14. Re1 Qd7 15. Nf4
O-O-O 16. Nd3 Bxd3 17. Bxd3 Kb8 18. Bd2 Rc8 19. Qe2 Be7 20. h4 h6 21. h5 a6 22.
Rec1 Rc7 23. b4 Na7 24. Rxc7 Qxc7 25. b5 axb5 26. Bxb5 Nxb5 27. Qxb5 Nc4 28. Bb4
Rc8 29. a4 Bxb4 30. Qxb4 Na5 31. Rb1 Ka7 32. Ne1 Qd8 33. Nd3 Rc4 34. Qb5 Qc7 35.
Rb4 Rxb4 36. Qxb4 Qb6 37. Qc3 Nc6 38. Nc5 Qb1+ 39. Kh2 Qb4 40. Qxb4 Nxb4 41. Kg3
b6 42. Nb3 Ka6 43. Kf4 Nd3+ 44. Ke3 Nb2 45. g4 Nxa4 46. f4 Nc3 47. f5 Ne4 48.
Nc1 Kb5 49. Ne2 Kc6 50. Nf4 Kd7 51. fxe6+ fxe6 52. Nd3 Nc3 53. Nb4 Nb5 54. Nc2
Na7 55. Kf4 Nc6 56. g5 hxg5+ 57. Kxg5 Ke7 58. Kg6 Kf8 59. h6 gxh6 60. Kxh6 b5
61. Kg5 Ke7 62. Kf4 b4 63. Ke3 b3 64. Na3 Na5 65. Kd3 Nc4 66. Nb1 Kf7 67. Nc3
Kg6 68. Ne2 Kg5 69. Kc3 b2 70. Kc2 Kg4 71. Nc3 Kf4 72. Nb5 Ke4 73. Nc7 Kxd4 74.
Nxe6+ Kxe5 75. Nc5 Kd4 76. Nb3+ Ke3 77. Nc5 d4 78. Nb3 d3+ 79. Kb1 Nd2+ 0-1

[Event "Online Olym Div2 D 2020"]
[Site "chess.com INT"]
[Date "2020.08.16"]
[Round "9.4"]
[Board "2"]
[White "Valenzuela Fuentealba, Luis"]
[Black "Jessel, Stephen"]
[Result "1/2-1/2"]
[WhiteTitle "IM"]
[BlackTitle "FM"]
[WhiteElo "2444"]
[BlackElo "2297"]
[WhiteTeam "Chile"]
[BlackTeam "Ireland"]
[WhiteFideId "3401294"]
[BlackFideId "628859"]
[EventDate "2020.08.14"]
[EventType "team"]

1. e4 c5 2. Nf3 e6 3. d4 cxd4 4. Nxd4 a6 5. Nc3 Qc7 6. g3 Bb4 7. Bd2 Nf6 8. Bg2
O-O 9. O-O Be7 10. Re1 d6 11. a4 Rd8 12. a5 Nc6 13. Nb3 Ne5 14. Na4 Nc4 15. Nb6
Rb8 16. Nxc4 Qxc4 17. Be3 Bd7 18. Ba7 Rbc8 19. Nd4 e5 20. b3 Qb4 21. Nf5 Bf8 22.
Bb6 Re8 23. c4 Bc6 24. Qd3 Nd7 25. Be3 g6 26. Nh6+ Kg7 27. Reb1 Rcd8 28. Bd2 Qc5
29. Be3 Qb4 30. Bd2 Qc5 31. Be3 Qb4 1/2-1/2

[Event "Online Olym Div2 D 2020"]
[Site "chess.com INT"]
[Date "2020.08.16"]
[Round "9.4"]
[Board "3"]
[White "Kanyamarala, Trisha"]
[Black "Abarca Gonzalez, Damaris"]
[Result "1-0"]
[WhiteTitle "WIM"]
[BlackTitle "WFM"]
[WhiteElo "2193"]
[BlackElo "2047"]
[WhiteTeam "Ireland"]
[BlackTeam "Chile"]
[WhiteFideId "45004722"]
[BlackFideId "3409414"]
[EventDate "2020.08.14"]
[EventType "team"]

1. d4 d5 2. c4 c6 3. cxd5 cxd5 4. Bf4 Nc6 5. e3 a6 6. Nc3 Nf6 7. Nf3 Bf5 8. a3
e6 9. Be2 Bd6 10. Bg5 h6 11. Bh4 O-O 12. O-O Rc8 13. Rc1 Be7 14. Na4 Nd7 15. Bg3
Na5 16. Nc5 Nxc5 17. dxc5 Nc4 18. Bxc4 dxc4 19. Rxc4 Rxc5 20. Rd4 Qc8 21. Nh4
Bc2 22. Qd2 Rd8 23. Nf3 Bf6 24. Rxd8+ Bxd8 25. b4 Rd5 26. Qc1 Qc4 27. Nd4 Bd3
28. Qxc4 Bxc4 29. Rc1 b5 30. f4 Bf6 31. Bf2 Rd7 32. h3 g5 33. g3 Kg7 34. Kg2 Kg6
35. Bg1 Bg7 36. Rc2 f5 37. Rd2 Bd5+ 38. Kf2 Rc7 39. g4 fxg4 40. hxg4 gxf4 41.
exf4 Bxd4+ 42. Rxd4 Rc3 43. f5+ Kf6 44. fxe6 Kxe6 45. Rd2 Rxa3 46. Re2+ Kf6 47.
Rd2 Be6 48. Rd4 Kg5 49. Bh2 Bxg4 50. Bf4+ Kf5 51. Be3 h5 52. Rf4+ Ke5 53. Rf8 h4
54. Rf4 h3 55. Rxg4 Ra2+ 56. Kg1 h2+ 57. Kh1 a5 58. bxa5 Rxa5 59. Kxh2 Ra2+ 60.
Kg3 Ra3 61. Kf3 Kd5 62. Rg5+ Kc4 63. Rc5+ Kb4 64. Rc6 Ka4 65. Ra6+ Kb4 66. Rc6
Rc3 67. Rb6 Ka5 68. Rb8 b4 69. Ke2 Ka4 70. Bd2 Rc4 71. Kd3 Rg4 72. Kc2 Rc4+ 73.
Kb2 Re4 74. Ra8+ Kb5 75. Kb3 Rg4 76. Rb8+ Kc6 77. Bxb4 Rg3+ 78. Ka4 Rg4 79. Kb3
Rg3+ 80. Bc3 Kc5 81. Rh8 Rg4 82. Rh5+ Kc6 83. Kc2 Rg3 84. Kb3 Rg4 85. Bd2 Rg3+
86. Kc4 Rg4+ 87. Kd3 Rg3+ 88. Ke4 Rg4+ 89. Bf4 Rg2 90. Kd4 Rg6 91. Rc5+ Kb6 92.
Rc2 Rg4 93. Ke5 Rg6 94. Be3+ Kb7 95. Kd5 Rf6 96. Bd4 Rh6 97. Be5 Rh5 98. Rb2+
Ka6 99. Kd6 Ka5 100. Kd5 Ka6 101. Kd4 Ka5 102. Bc7+ Ka4 103. Bd6 Ka5 104. Bc5
Ka6 105. Rb6+ Ka5 106. Rb8 Ka6 107. Kc4 Rh4+ 108. Bd4 Rg4 109. Rb6+ Ka5 110. Rb7
Ka6 111. Ra7# 1-0

[Event "Online Olym Div2 D 2020"]
[Site "chess.com INT"]
[Date "2020.08.16"]
[Round "9.4"]
[Board "4"]
[White "Fuentes Inzunza, Lesly"]
[Black "Miller, Ioana"]
[Result "1-0"]
[WhiteTitle "WFM"]
[BlackTitle "WFM"]
[WhiteElo "1840"]
[BlackElo "2185"]
[WhiteTeam "Chile"]
[BlackTeam "Ireland"]
[WhiteFideId "3408205"]
[BlackFideId "1202260"]
[EventDate "2020.08.14"]
[EventType "team"]

1. d4 Nf6 2. c4 e6 3. Nf3 Bb4+ 4. Bd2 Qe7 5. Qc2 Bxd2+ 6. Nbxd2 d6 7. e4 e5 8.
d5 O-O 9. g3 a5 10. Bg2 Na6 11. O-O Nh5 12. Nh4 Nf4 13. gxf4 Qxh4 14. f5 Nc5 15.
Qc3 Qf4 16. Rad1 Bd7 17. Qg3 Qxg3 18. fxg3 b5 19. b3 a4 20. b4 Nd3 21. a3 bxc4
22. Rf3 Bb5 23. Bf1 Rfc8 24. Nb1 c5 25. dxc6 Bxc6 26. Nc3 Bb7 27. Bxd3 cxd3 28.
Rfxd3 g6 29. g4 Rc4 30. h3 Rac8 31. Nb5 Bxe4 32. Rxd6 Kg7 33. f6+ Kh6 34. Ra6
Rc1 35. Rxc1 Rxc1+ 36. Kf2 Bd3 37. Nd6 Kg5 38. Nxf7+ Kf4 39. Rd6 Bc4 40. Nd8
Rc2+ 41. Ke1 Ke3 42. f7 Rf2 43. Kd1 Bxf7 44. Nxf7 Rxf7 45. b5 e4 46. b6 Kf2 47.
Rd2+ Kf3 48. Rb2 Rb7 49. Ke1 e3 50. Rb4 h5 51. gxh5 gxh5 52. h4 Kg3 53. Ke2 Kh3
54. Kxe3 Kg3 55. Kd3 Kf3 56. Kc3 Kg3 57. Kc4 Kxh4 58. Kb5+ Kg3 59. Ka6 Rb8 60.
Ka7 Rg8 61. b7 h4 62. b8=Q+ Rxb8 63. Rxb8 h3 64. Ka6 h2 65. Rg8+ Kf2 66. Rh8 Kg2
67. Ka5 h1=Q 68. Rxh1 Kxh1 69. Kxa4 Kg2 70. Kb5 Kf3 71. a4 Ke4 72. a5 Kd5 73. a6
Kd6 74. Kb6 Kd7 75. Kb7 1-0

[Event "Online Olym Div2 D 2020"]
[Site "chess.com INT"]
[Date "2020.08.16"]
[Round "9.4"]
[Board "5"]
[White "Kanyamarala, Tarun"]
[Black "Donoso Diaz, Sebastian"]
[Result "0-1"]
[WhiteTitle "FM"]
[BlackTitle "FM"]
[WhiteElo "2381"]
[BlackElo "2192"]
[WhiteTeam "Ireland"]
[BlackTeam "Chile"]
[WhiteFideId "45004714"]
[BlackFideId "3416097"]
[EventDate "2020.08.14"]
[EventType "team"]

1. e4 c5 2. Nc3 e6 3. Nge2 a6 4. g3 b5 5. Bg2 Bb7 6. O-O b4 7. Nb1 Nc6 8. d4
cxd4 9. Nxd4 Rc8 10. Nb3 Qc7 11. Bf4 e5 12. Bg5 Be7 13. Be3 Nf6 14. c3 O-O 15.
cxb4 Nxb4 16. Nc3 Rfd8 17. a3 Nc6 18. Rc1 d6 19. Nd5 Qd7 20. Nb6 Qe6 21. Nxc8
Rxc8 22. h3 Rb8 23. Qd3 Ba8 24. Rc3 a5 25. Qa6 Bb7 26. Qb5 Ba8 27. Qa4 d5 28.
Nc5 Bxc5 29. Bxc5 Nxe4 30. Rc2 h6 31. Rfc1 Nxc5 32. Rxc5 Nd4 33. Kh2 Qf5 34. Rf1
Rxb2 35. Qe8+ Kh7 36. Qxa8 Rxf2 37. Qa6 Nf3+ 38. Kh1 Qxh3+ 39. Bxh3 Rh2# 0-1

[Event "Online Olym Div2 D 2020"]
[Site "chess.com INT"]
[Date "2020.08.16"]
[Round "9.4"]
[Board "6"]
[White "Gomez Barrera, Javiera Belen"]
[Black "Putar, Lara"]
[Result "1-0"]
[WhiteTitle "WIM"]
[WhiteElo "2083"]
[BlackElo "1834"]
[WhiteTeam "Chile"]
[BlackTeam "Ireland"]
[WhiteFideId "3418723"]
[BlackFideId "14546604"]
[EventDate "2020.08.14"]
[EventType "team"]

1. e4 e6 2. d4 d5 3. Nc3 Bb4 4. e5 c5 5. a3 Bxc3+ 6. bxc3 Qa5 7. Bd2 Qa4 8. Qb1
c4 9. Ne2 Nc6 10. Nf4 Nge7 11. Nh5 O-O 12. Qc1 Bd7 13. h4 f6 14. exf6 gxf6 15.
Bh6 Rf7 16. Rh3 Kh8 17. Rg3 Nf5 18. Rf3 Rg8 19. g3 Rg6 20. Bf4 e5 21. dxe5 fxe5
22. Bg5 Qa5 23. Qd2 e4 24. Rf4 Ne5 25. Bh3 Nf3+ 26. Rxf3 exf3 27. Bxf5 Bxf5 28.
Qd4+ Kg8 29. Nf6+ Kf8 30. Nxd5 Rd7 31. Qh8+ Rg8 32. Bh6+ Kf7 33. Qf6+ Ke8 34.
Qe5+ Kf7 35. Qxf5+ Ke8 36. Qe6+ Kd8 37. Qxg8# 1-0

[Event "Online Olym Div2 D 2020"]
[Site "chess.com INT"]
[Date "2020.08.16"]
[Round "9.5"]
[Board "1"]
[White "Saric, Ivan"]
[Black "Thorfinnsson, Bragi"]
[Result "1-0"]
[WhiteTitle "GM"]
[BlackTitle "GM"]
[WhiteElo "2646"]
[BlackElo "2427"]
[WhiteTeam "Croatia"]
[BlackTeam "Iceland"]
[WhiteFideId "14508150"]
[BlackFideId "2300958"]
[EventDate "2020.08.14"]
[EventType "team"]

1. e4 e5 2. Nf3 Nc6 3. Bb5 a6 4. Ba4 d6 5. O-O Bd7 6. c3 Nge7 7. d4 Ng6 8. Be3
Be7 9. Nbd2 O-O 10. Re1 Qe8 11. Bb3 Na5 12. Bc2 c5 13. d5 b5 14. b4 Nb7 15. a4
cxb4 16. cxb4 bxa4 17. Nc4 Bb5 18. Bxa4 f5 19. exf5 Rxf5 20. Nb6 Rb8 21. Bxb5
axb5 22. Nd2 Nf4 23. Ne4 Qg6 24. Ng3 h5 25. Qb1 Rg5 26. Qxg6 Rxg6 27. Bxf4 exf4
28. Rxe7 fxg3 29. Ra8 gxf2+ 30. Kf1 Rxa8 31. Nxa8 Nc5 32. bxc5 dxc5 33. Nc7 b4
34. Ne6 c4 35. d6 c3 36. d7 1-0

[Event "Online Olym Div2 D 2020"]
[Site "chess.com INT"]
[Date "2020.08.16"]
[Round "9.5"]
[Board "2"]
[White "Gretarsson, Helgi Ass"]
[Black "Bosiocic, Marin"]
[Result "0-1"]
[WhiteTitle "GM"]
[BlackTitle "GM"]
[WhiteElo "2401"]
[BlackElo "2606"]
[WhiteTeam "Iceland"]
[BlackTeam "Croatia"]
[WhiteFideId "2300699"]
[BlackFideId "14507927"]
[EventDate "2020.08.14"]
[EventType "team"]

1. d4 d6 2. e4 Nf6 3. Nc3 e5 4. Nf3 Nbd7 5. Rg1 g6 6. g4 Bg7 7. Be3 O-O 8. d5
Nc5 9. Nd2 c6 10. g5 Nh5 11. dxc6 bxc6 12. Nc4 Nb7 13. Qd2 Qc7 14. O-O-O Rd8 15.
Na3 Nf4 16. Bc4 Na5 17. Bb3 Nxb3+ 18. cxb3 Be6 19. Kb1 Nh3 20. Rge1 d5 21. Bc5
Nf4 22. Qc2 Nh3 23. Qc1 d4 24. Na4 Nxf2 25. Rd2 Nh3 26. Rd3 Rab8 27. Qd2 Rd7 28.
Rg3 Nf4 29. h4 Qb7 30. Nc4 Bxc4 31. bxc4 Qa6 32. Ra3 Qxc4 33. Qc2 Qe6 34. b3 Qg4
35. Rh1 Ne2 36. Qd3 Nf4 37. Qc2 d3 38. Qd2 Ne2 39. Qe3 Ng3 40. Rg1 d2 0-1

[Event "Online Olym Div2 D 2020"]
[Site "chess.com INT"]
[Date "2020.08.16"]
[Round "9.5"]
[Board "3"]
[White "Franciskovic, Borka"]
[Black "Ptacnikova, Lenka"]
[Result "1-0"]
[WhiteTitle "WIM"]
[BlackTitle "WGM"]
[WhiteElo "2250"]
[BlackElo "2117"]
[WhiteTeam "Croatia"]
[BlackTeam "Iceland"]
[WhiteFideId "14507943"]
[BlackFideId "305650"]
[EventDate "2020.08.14"]
[EventType "team"]

1. Nf3 c5 2. c4 Nf6 3. g3 g6 4. Bg2 Bg7 5. O-O O-O 6. Nc3 d5 7. cxd5 Nxd5 8.
Nxd5 Qxd5 9. d3 Nc6 10. Be3 Bxb2 11. Rb1 Bg7 12. Qa4 Qd6 13. Rfc1 Nd4 14. Nxd4
cxd4 15. Bf4 Qe6 16. Qc2 Be5 17. Bxe5 Qxe5 18. Bxb7 Bxb7 19. Rxb7 Qe6 20. Rc7
Rfd8 21. a4 h5 22. h4 a5 23. Qc5 Kf8 24. Rc2 Ra6 25. Kg2 f6 26. Qc4 Qxc4 27.
R2xc4 Kf7 28. Rb7 Ke6 29. Rcc7 Re8 30. Rc4 Rd6 31. Ra7 Rd5 32. f4 g5 33. hxg5
fxg5 34. fxg5 Rg8 35. Rc6+ Kf7 36. g6+ Rxg6 37. Rxg6 Kxg6 38. Rxe7 Kf6 39. Re4
Kf5 40. Kf3 Rd6 41. Rh4 Kg5 42. Rf4 Rd7 43. Rf8 Rb7 44. Ra8 Rf7+ 45. Kg2 Re7 46.
Rxa5+ Kg4 47. Kf2 Rf7+ 48. Ke1 Kxg3 49. Rxh5 Ra7 50. a5 Kf4 51. Kd2 Ra6 52. Rd5 1-0

[Event "Online Olym Div2 D 2020"]
[Site "chess.com INT"]
[Date "2020.08.16"]
[Round "9.5"]
[Board "4"]
[White "Thorsteinsdottir, Hallgerdur"]
[Black "Medic, Mirjana"]
[Result "0-1"]
[WhiteTitle "WFM"]
[BlackTitle "WGM"]
[WhiteElo "2009"]
[BlackElo "2207"]
[WhiteTeam "Iceland"]
[BlackTeam "Croatia"]
[WhiteFideId "2302454"]
[BlackFideId "14501619"]
[EventDate "2020.08.14"]
[EventType "team"]

1. e4 e6 2. d4 d5 3. Nd2 Nf6 4. e5 Nfd7 5. Bd3 c5 6. c3 Nc6 7. Ne2 a5 8. O-O a4
9. f4 g6 10. Nf3 cxd4 11. cxd4 Nb6 12. g4 h5 13. h3 hxg4 14. hxg4 Bd7 15. Kg2
Nb4 16. Bb1 Qc7 17. Nc3 a3 18. Qe2 axb2 19. Bxb2 Nc4 20. a3 Nc6 21. a4 Qb6 22.
Nb5 Na7 23. Bc3 Nxb5 24. axb5 Rxa1 25. Bxa1 Bxb5 26. Rc1 Be7 27. Qc2 Ne3+ 0-1

[Event "Online Olym Div2 D 2020"]
[Site "chess.com INT"]
[Date "2020.08.16"]
[Round "9.5"]
[Board "5"]
[White "Livaic, Leon"]
[Black "Stefansson, Vignir Vatnar"]
[Result "1-0"]
[WhiteTitle "IM"]
[BlackTitle "FM"]
[WhiteElo "2507"]
[BlackElo "2301"]
[WhiteTeam "Croatia"]
[BlackTeam "Iceland"]
[WhiteFideId "14531534"]
[BlackFideId "2308649"]
[EventDate "2020.08.14"]
[EventType "team"]

1. d4 f5 2. Nc3 Nf6 3. Bg5 d5 4. Bxf6 exf6 5. e3 Be6 6. Bd3 Nc6 7. a3 Qd7 8.
Nge2 Bd6 9. Nb5 O-O-O 10. Nxd6+ Qxd6 11. Qd2 Rhe8 12. O-O g5 13. f4 Bd7 14. Ng3
Qe7 15. Rae1 h5 16. fxg5 fxg5 17. Nxf5 Bxf5 18. Bxf5+ Kb8 19. c3 g4 20. e4 dxe4
21. Rxe4 Qd6 22. Qg5 Rg8 23. Qf4 g3 24. Qxd6 cxd6 25. hxg3 Rxg3 26. Kh2 Rdg8 27.
Bh3 Na5 28. Rf7 R3g7 29. Rxg7 Rxg7 30. b4 Nc6 31. Re6 d5 32. Rh6 Rg5 33. Rh8+
Kc7 34. Rh7+ Kb8 35. Bd7 a5 36. b5 Nd8 37. b6 Rg6 38. Rxh5 Rxb6 39. Rxd5 Rb3 40.
Ba4 Rxa3 41. Rxd8+ Kc7 42. Rd7+ Kc8 43. Bb5 Rb3 44. Rd5 1-0

[Event "Online Olym Div2 D 2020"]
[Site "chess.com INT"]
[Date "2020.08.16"]
[Round "9.5"]
[Board "6"]
[White "Haile, Batel Goitom"]
[Black "Cvitan, Ena"]
[Result "0-1"]
[BlackTitle "FM"]
[WhiteElo "1587"]
[BlackElo "2242"]
[WhiteTeam "Iceland"]
[BlackTeam "Croatia"]
[WhiteFideId "2315190"]
[BlackFideId "14534215"]
[EventDate "2020.08.14"]
[EventType "team"]

1. e4 c6 2. d4 d5 3. exd5 cxd5 4. Nf3 Nc6 5. Be2 Nf6 6. O-O Bf5 7. c3 e6 8. Bf4
Bd6 9. Bxd6 Qxd6 10. h3 O-O 11. Na3 a6 12. Nc2 h6 13. Bd3 Ne4 14. Ne3 Bh7 15.
Ng4 b5 16. a4 b4 17. Qc2 bxc3 18. bxc3 Rfc8 19. Rac1 Nb4 20. Qb1 Nxd3 21. Qxd3
Ng3 22. Qe3 Nxf1 23. Kxf1 Rc4 24. Nge5 Rxa4 25. c4 dxc4 26. Nxc4 Qd5 27. Qb3 Qb5
28. Qc3 Rxc4 29. Qd2 Rxc1# 0-1